15 Grootste Steden van Afrika op een Kaart - Statistieken

Algemene statistieken
  • Deze quiz is 1.813 keer genomen
  • De gemiddelde score is 10 van 15
Antwoorden op de kaart
Antwoorden kleurgecodeerd door een groen-rode schaal op de quizkaart volgens % correct hieronder.
 
Antwoordstatistieken
Bevolking Stad % Correct
21.0 mil Caïro
97%
4.23 mil Kaapstad
90%
13.9 mil Johannesburg
86%
3.98 mil Algiers
80%
5.90 mil Nairobi
77%
12.4 mil Kinshasa
70%
4.48 mil Casablanca
68%
19.4 mil Lagos
68%
5.80 mil Alexandrië
64%
5.10 mil Accra
59%
8.15 mil Luanda
53%
6.30 mil Khartoem
50%
6.45 mil Dar es Salaam
45%
5.60 mil Abidjan
34%
4.70 mil Kano
29%
Geen overeenkomende quizzen gevonden
Scoreverdeling
Procent van Mensen met Elke Score
Percentiel versus Aantal Correcte Antwoorden
Uw Scoregeschiedenis
U heeft deze quiz nog niet genomen